00493nam a2200157Ia 4500008004100000020001800041082001200059100002300071245007200094250000800166260007000174300002300244500001900267600003300286650001600319240925s9999 xx 000 0 und d a9780070706552 a510 BUD aBudnick ,Frank S. 0aApplied Mathematics for Business Economics and the Social Sciences  a4th aNew Delhi:bMcGraw Hill Education (India) Private Limitedc,1993. a431p.b0fOriginal aIncludes Index aHumanities & Natural Science aMathematics